Inter-Parliamentary Union (Record no. 2075)
[ view plain ]
| 000 -LEADER | |
|---|---|
| fixed length control field | 00261nam a22001217a 4500 |
| 008 - FIXED-LENGTH DATA ELEMENTS--GENERAL INFORMATION | |
| fixed length control field | 230621b xxu||||| |||| 00| 0 eng d |
| 082 ## - DEWEY DECIMAL CLASSIFICATION NUMBER | |
| Classification number | 328.06 |
| Item number | IPU |
| 100 ## - MAIN ENTRY--PERSONAL NAME | |
| Titles and words associated with a name | IPU |
| 245 ## - TITLE STATEMENT | |
| Title | Inter-Parliamentary Union |
| 260 ## - PUBLICATION, DISTRIBUTION, ETC. (IMPRINT) | |
| Name of publisher, distributor, etc. | IPU |
| 300 ## - PHYSICAL DESCRIPTION | |
| Extent | 15p |
| 942 ## - ADDED ENTRY ELEMENTS (KOHA) | |
| Source of classification or shelving scheme | Dewey Decimal Classification |
| Koha item type | Books |
| Withdrawn status | Lost status | Source of classification or shelving scheme | Damaged status | Not for loan | Home library | Current library | Date acquired | Total Checkouts | Full call number | Barcode | Date last seen | Price effective from | Koha item type |
|---|---|---|---|---|---|---|---|---|---|---|---|---|---|
| Dewey Decimal Classification | County Hall Archives | County Hall Archives | 06/21/2023 | 328.06 IPU | 10010422 | 06/21/2023 | 06/21/2023 | Books | |||||
| Dewey Decimal Classification | County Hall Archives | County Hall Archives | 06/21/2023 | 328.06 IPU | 10009615 | 06/21/2023 | 06/21/2023 | Books | |||||
| Dewey Decimal Classification | County Hall Archives | County Hall Archives | 06/21/2023 | 328.06 IPU | 10009617 | 06/21/2023 | 06/21/2023 | Books | |||||
| Dewey Decimal Classification | County Hall Archives | County Hall Archives | 06/21/2023 | 328.06 IPU | 10013013 | 06/21/2023 | 06/21/2023 | Books | |||||
| Dewey Decimal Classification | County Hall Archives | County Hall Archives | 06/21/2023 | 328.06 IPU | 10009616 | 06/21/2023 | 06/21/2023 | Books |
